O niektorých aspektoch zahraničného obchodu Slovenskej republiky v období rokov 1939-1945

Vznik Slovenského štátu v marci 1939 a jeho závislosť na zahraničnom obchode. Vytváranie nadproduktu pre vývoz do Nemeckej ríše. Zahraničnoobchodné vzťahy s ostatnými krajinami.

Gespeichert in:
Bibliographische Detailangaben
1. Verfasser: Štefániková, Antónia
Format: Buchkapitel
Sprache:Slowakisch
Schlagworte:
Tags: Tag hinzufügen
Keine Tags, Fügen Sie das erste Tag hinzu!

MARC

LEADER 00000naa a2200000 4500
001 r040324
005 20230530125526.4
041 0 |a slo 
044 |a SK 
245 1 0 |a O niektorých aspektoch zahraničného obchodu Slovenskej republiky v období rokov 1939-1945  |c Antónia Štefániková 
520 |a Vznik Slovenského štátu v marci 1939 a jeho závislosť na zahraničnom obchode. Vytváranie nadproduktu pre vývoz do Nemeckej ríše. Zahraničnoobchodné vzťahy s ostatnými krajinami. 
610 2 0 |a obchod zahraničný 
610 2 0 |a Slovensko 
610 2 0 |a história 
610 2 0 |a hospodárstvo národné 
610 2 0 |a závislosť ekonomická 
610 2 0 |a dohody obchodné 
610 2 0 |a Slovenský štát 
610 2 0 |a 1939-1945 
100 1 |a Štefániková, Antónia